[Event "26th Abu Dhabi Master 2019"]
[Site "Abu Dhabi"]
[Date "2019.08.03"]
[Round "3.73"]
[White "Paramzina, Anastasya"]
[Black "Thrish Karthik"]
[Result "1-0"]
[WhiteElo "2300"]
[BlackElo "2075"]
[Annotator "ChessBase"]
[PlyCount "127"]
[EventDate "2019.08.02"]
[EventType "swiss"]
[EventCountry "UAE"]
[SourceTitle "playchess.com"]
[Source "ChessBase"]
[SourceQuality "1"]
[TimeControl "5400+30"]

1. e4 e5 2. Nf3 d6 3. Bc4 Be7 4. O-O Nf6 5. d3 O-O 6. Re1 c6 7. Bb3 Bg4 8. h3 Bh5 9. Nbd2 Nbd7 10. c3 d5 11. Bc2 Qc7 12. Nf1 Rad8 13. Ng3 Bg6 14. Nh4 Rfe8 15. Nxg6 hxg6 16. Qe2 Nf8 17. Nf1 Ne6 18. g3 Bd6 19. Nh2 dxe4 20. dxe4 Bc5 21. Ng4 Nh5 22. b4 Bb6 23. Ne3 Qc8 24. h4 Qc7 25. Qf3 a6 26. Nc4 Ba7 27. a3 b5 28. Ne3 Qe7 29. a4 Bb6 30. Ng4 Qc7 31. Bb3 Qb8 32. a5 Ba7 33. Be3 Bxe3 34. Qxe3 Qc7 35. Rad1 Rxd1 36. Rxd1 Nf6 37. Nxf6+ gxf6 38. h5 Kg7 39. hxg6 fxg6 40. Qb6 Qc8 41. Qa7+ Kh6 42. Qd7 Qxd7 43. Rxd7 Ng5 44. Rc7 Nxe4 45. Rxc6 Kg5 46. Bd5 Nd2 47. Rxa6 Rd8 48. Bb7 e4 49. f4+ Kf5 50. Kf2 Nf3 51. g4+ Kxg4 52. Bxe4 Nd2 53. Bxg6 f5 54. Ke2 Ne4 55. Ke3 Rc8 56. Kd4 Rc4+ 57. Ke5 Nxc3 58. Bxf5+ Kf3 59. Rh6 Na2 60. a6 Rc7 61. Rh7 Rxh7 62. Bxh7 Nxb4 63. Be4+ Kg4 64. a7 1-0

[Event "26th Abu Dhabi Master 2019"]
[Site "Abu Dhabi"]
[Date "2019.08.03"]
[Round "3.74"]
[White "Wang, Shanshan"]
[Black "Bartel, Marta"]
[Result "1/2-1/2"]
[WhiteElo "2122"]
[BlackElo "2260"]
[Annotator "NA"]
[PlyCount "72"]
[EventDate "2019.08.02"]
[EventType "swiss"]
[EventCountry "UAE"]
[SourceTitle "playchess.com"]
[Source "ChessBase"]
[SourceQuality "1"]
[TimeControl "5400+30"]

1. e4 d6 2. d4 g6 3. Nc3 Bg7 4. Nf3 c6 5. a4 Nf6 6. Bc4 O-O 7. Bb3 a5 8. O-O Na6 9. h3 Nc7 10. Re1 {[%emt 0:21:26]} d5 {[%emt 0:21:13]} 11. e5 {[%emt 0:02:04]} Nfe8 {[%emt 0:03:25]} 12. Nh2 {[%emt 0:00:57]} b5 {[%emt 0:06:23]} 13. f4 {[%emt 0:01:30]} b4 {[%emt 0:05:05]} 14. Ne2 {[%emt 0:00:25]} f5 {[%emt 0:13:01]} 15. Be3 {[%emt 0:08:34]} Ne6 {[%emt 0:02:16]} 16. Qd2 {[%emt 0:07:11]} Qb6 {[%emt 0:02:44]} 17. Nc1 {[%emt 0:04:09]} N8c7 {[%emt 0:03:24]} 18. Nf3 {[%emt 0:01:28]} Ba6 {[%emt 0:00:43]} 19. Nd3 {[%emt 0:00:48]} Qb8 {[%emt 0:05:34]} 20. Kf2 {[%emt 0:03:02]} Bh6 {[%emt 0:04:05]} 21. g3 {[%emt 0:01:18]} Qa7 {[%emt 0:04:19]} 22. Kg2 {[%emt 0:03:46]} Rad8 {[%emt 0:00:27]} 23. Rad1 {[%emt 0:03:03]} Kh8 {[%emt 0:00:29]} 24. Qf2 {[%emt 0:00:34]} Qa8 {[%emt 0:01:26]} 25. Kh2 {[%emt 0:01:40]} Bc4 {[%emt 0:02:52]} 26. h4 {[%emt 0:03:04]} Bg7 {[%emt 0:03:06]} 27. Ng5 {[%emt 0:02:50]} Bxd3 {[%emt 0:02:27]} 28. cxd3 {[%emt 0:06:43]} Nxg5 {[%emt 0:02:04]} 29. hxg5 {[%emt 0:00:33]} Ne6 {[%emt 0:00:20]} 30. Rh1 {[%emt 0:00:46]} Kg8 {[%emt 0:06:06]} 31. Kg1 {[%emt 0:00:57]} Qa7 {[%emt 0:00:45]} 32. Rc1 {[%emt 0:05:47]} Qb6 {[%emt 0:00:25]} 33. Kf1 {[%emt 0:00:43]} Rfe8 {[%emt 0:02:14]} 34. Ke2 {[%emt 0:00:49]} Nf8 {[%emt 0:01:57]} 35. Kf3 {[%emt 0:05:44]} Rc8 {[%emt 0:03:03]} 36. Rc5 {[%emt 0:03:32]} e6 {[%emt 0:01:50]} 1/2-1/2

[Event "26th Abu Dhabi Master 2019"]
[Site "Abu Dhabi"]
[Date "2019.08.03"]
[Round "3.75"]
[White "Davainis, Marius"]
[Black "Aakanksha Hagawane"]
[Result "1/2-1/2"]
[WhiteElo "2105"]
[BlackElo "2246"]
[Annotator "NA"]
[PlyCount "110"]
[EventDate "2019.08.02"]
[EventType "swiss"]
[EventCountry "UAE"]
[SourceTitle "playchess.com"]
[Source "ChessBase"]
[SourceQuality "1"]
[TimeControl "5400+30"]

1. Nf3 c5 2. c4 Nc6 3. Nc3 g6 4. g3 Bg7 5. Bg2 d6 6. O-O Nf6 7. d3 O-O 8. Bg5 h6 9. Bd2 Bf5 10. e4 Bg4 11. h3 Bxf3 12. Bxf3 Nd4 13. Bg2 Nd7 14. Be3 a6 15. Qd2 Kh7 16. Kh2 Rb8 17. f4 b5 18. cxb5 axb5 19. Ne2 Nxe2 20. Qxe2 Ra8 21. Rfd1 Ra4 22. b3 Ra3 23. d4 Qb8 24. Rac1 Rc8 25. Rc2 c4 26. Bc1 Ra7 27. bxc4 bxc4 28. Rxc4 Qb5 29. Rc2 Qxe2 30. Rxe2 Bxd4 31. Rxd4 Rxc1 32. Rdd2 f6 33. Rc2 Ra1 34. h4 Kg7 35. Bh3 Nc5 36. e5 fxe5 37. fxe5 Nd3 38. exd6 exd6 39. Be6 Ne5 40. Kg2 Rd1 41. Rcd2 Rxd2 42. Rxd2 Ra6 43. Bc8 Rc6 44. Bb7 Rb6 45. Bd5 Ra6 46. Rd4 Kf6 47. Rf4+ Ke7 48. Bb3 Ra5 49. Ra4 Rxa4 50. Bxa4 d5 51. Kf2 d4 52. Ke2 Kd6 53. Bb3 Kc5 54. a3 Kb5 55. Kd2 Kc5 1/2-1/2

[Event "26th Abu Dhabi Master 2019"]
[Site "Abu Dhabi"]
[Date "2019.08.04"]
[Round "4.1"]
[White "Maghsoodloo, Parham"]
[Black "Petrosyan, Manuel"]
[Result "1/2-1/2"]
[WhiteElo "2656"]
[BlackElo "2592"]
[Annotator "ChessBase"]
[PlyCount "109"]
[EventDate "2019.08.02"]
[EventType "swiss"]
[EventCountry "UAE"]
[SourceTitle "playchess.com"]
[Source "ChessBase"]
[SourceQuality "1"]
[TimeControl "5400+30"]

1. e4 {[%emt 0:01:39]} e5 {[%emt 0:00:00]} 2. Nf3 {[%emt 0:00:05]} Nc6 {[%emt 0:00:07]} 3. Bc4 {[%emt 0:00:05]} Nf6 {[%emt 0:00:12]} 4. d3 {[%emt 0:00:06]} Bc5 {[%emt 0:00:17]} 5. c3 {[%emt 0:00:13]} d6 {[%emt 0:00:21]} 6. Nbd2 {[%emt 0:02:48]} O-O {[%emt 0:01:47]} 7. h3 {[%emt 0:02:19]} a6 {[%emt 0:01:42]} 8. a4 {[%emt 0:01:11]} a5 {[%emt 0:00:47]} 9. O-O {[%emt 0:01:31]} h6 {[%emt 0:01:27]} 10. Re1 {[%emt 0:02:58]} Be6 {[%emt 0:01:40]} 11. b3 {[%emt 0:01:27]} Ba7 {[%emt 0:14:03]} 12. Bb2 {[%emt 0:11:07]} Ne7 {[%emt 0:08:22]} 13. Nf1 {[%emt 0:19:16]} Ng6 {[%emt 0:03:05]} 14. Ng3 {[%emt 0:01:19]} Qd7 {[%emt 0:15:41]} 15. d4 {[%emt 0:04:09]} Bxc4 {[%emt 0:05:19]} 16. bxc4 {[%emt 0:01:04]} Rfe8 {[%emt 0:00:42]} 17. Qb3 {[%emt 0:06:25]} Qc6 {[%emt 0:00:54]} 18. Qb5 {[%emt 0:02:20]} Nd7 {[%emt 0:06:36]} 19. Nh5 {[%emt 0:02:56]} Ngf8 20. Nd2 Qb6 21. Ng3 {[%emt 0:08:19]} g6 {[%emt 0:16:15]} 22. Reb1 {[%emt 0:04:41]} c6 {[%emt 0:01:21]} 23. Qxb6 {[%emt 0:00:12]} Bxb6 {[%emt 0:00:05]} 24. Nf3 {[%emt 0:04:07]} c5 {[%emt 0:03:18]} 25. dxe5 {[%emt 0:02:46]} dxe5 {[%emt 0:01:45]} 26. Bc1 {[%emt 0:00:08]} Kg7 {[%emt 0:01:08]} 27. Nf1 {[%emt 0:02:20]} Rab8 {[%emt 0:01:56]} 28. Ne3 {[%emt 0:00:10]} Bd8 {[%emt 0:00:10]} 29. Ne1 {[%emt 0:01:01]} Bg5 {[%emt 0:02:47]} 30. Nd5 {[%emt 0:00:05]} Bxc1 {[%emt 0:01:12]} 31. Rxc1 {[%emt 0:00:01]} f5 {[%emt 0:01:11]} 32. Nc2 {[%emt 0:00:17]} Nh7 {[%emt 0:04:07]} 33. Rab1 {[%emt 0:02:12]} Nhf6 {[%emt 0:01:05]} 34. exf5 {[%emt 0:00:27]} gxf5 {[%emt 0:01:11]} 35. Nce3 {[%emt 0:00:06]} f4 {[%emt 0:01:45]} 36. Nf5+ {[%emt 0:00:37]} Kg6 {[%emt 0:00:07]} 37. Nd6 {[%emt 0:01:48]} Re6 {[%emt 0:00:07]} 38. Nxb7 {[%emt 0:02:19]} Nxd5 {[%emt 0:00:09]} 39. cxd5 {[%emt 0:00:24]} Rb6 {[%emt 0:00:04]} 40. Rxb6+ {[%emt 0:01:16]} Nxb6 {[%emt 0:00:01]} 41. Nxc5 {[%emt 0:02:24]} Rc8 {[%emt 0:02:24]} 42. Nb3 {[%emt 0:01:39]} Nxa4 {[%emt 0:01:56]} 43. c4 {[%emt 0:05:13]} Nb6 {[%emt 0:00:04]} 44. c5 {[%emt 0:00:47]} Nxd5 {[%emt 0:00:30]} 45. Nxa5 {[%emt 0:00:01]} Kf6 {[%emt 0:00:28]} 46. c6 {[%emt 0:00:35]} Ke6 {[%emt 0:01:57]} 47. Rc5 {[%emt 0:01:06]} Ne7 {[%emt 0:00:49]} 48. c7 {[%emt 0:02:43]} Nd5 {[%emt 0:00:49]} 49. Rc6+ {[%emt 0:00:09]} Kf5 {[%emt 0:00:53]} 50. Rd6 {[%emt 0:02:01]} Nf6 {[%emt 0:00:33]} 51. Nc4 {[%emt 0:01:51]} Rxc7 {[%emt 0:00:25]} 52. g4+ {[%emt 0:00:01]} fxg3 {[%emt 0:00:34]} 53. Ne3+ {[%emt 0:00:05]} Kg5 {[%emt 0:01:11]} 54. fxg3 {[%emt 0:00:36]} Ne4 {[%emt 0:00:25]} 55. Re6 {[%emt 0:01:23]} 1/2-1/2

[Event "26th Abu Dhabi Master 2019"]
[Site "Abu Dhabi"]
[Date "2019.08.04"]
[Round "4.2"]
[White "Jobava, Baadur"]
[Black "Indjic, Aleksandar"]
[Result "1-0"]
[WhiteElo "2594"]
[BlackElo "2604"]
[Annotator "ChessBase"]
[PlyCount "89"]
[EventDate "2019.08.02"]
[EventType "swiss"]
[EventCountry "UAE"]
[SourceTitle "playchess.com"]
[Source "ChessBase"]
[SourceQuality "1"]
[TimeControl "5400+30"]

1. e4 {[%emt 0:00:15]} c5 {[%emt 0:00:18]} 2. Nc3 {[%emt 0:00:27]} Nc6 {[%emt 0:00:38]} 3. Nge2 {[%emt 0:00:18]} g6 {[%emt 0:00:53]} 4. d4 {[%emt 0:00:06]} cxd4 {[%emt 0:00:07]} 5. Nxd4 {[%emt 0:00:03]} Bg7 {[%emt 0:00:10]} 6. Nb3 {[%emt 0:00:12]} Nf6 {[%emt 0:01:01]} 7. Be2 {[%emt 0:00:07]} d6 {[%emt 0:00:07]} 8. O-O {[%emt 0:00:13]} O-O {[%emt 0:00:16]} 9. Re1 {[%emt 0:00:06]} b6 {[%emt 0:08:15]} 10. Bg5 {[%emt 0:02:22]} Bb7 {[%emt 0:01:29]} 11. Qd2 {[%emt 0:08:34]} Rc8 {[%emt 0:03:18]} 12. Bh6 {[%emt 0:02:55]} Ne5 {[%emt 0:19:43]} 13. Bxg7 {[%emt 0:00:11]} Kxg7 {[%emt 0:00:06]} 14. Qd4 {[%emt 0:03:33]} Nc6 {[%emt 0:03:59]} 15. Qe3 {[%emt 0:00:56]} e6 {[%emt 0:03:24]} 16. Rad1 {[%emt 0:01:05]} Qe7 {[%emt 0:00:07]} 17. Qc1 {[%emt 0:09:54]} Rfd8 {[%emt 0:10:07]} 18. Rd3 {[%emt 0:00:19]} Ba6 {[%emt 0:02:37]} 19. Rh3 {[%emt 0:01:53]} Bxe2 {[%emt 0:00:08]} 20. Rxe2 {[%emt 0:11:28]} h5 {[%emt 0:00:50]} 21. f4 {[%emt 0:06:42]} Ng4 {[%emt 0:07:02]} 22. Rf3 {[%emt 0:06:19]} a6 {[%emt 0:07:03]} 23. h3 {[%emt 0:11:47]} Nf6 {[%emt 0:00:30]} 24. Qe1 {[%emt 0:00:30]} b5 {[%emt 0:00:30]} 25. Kh1 {[%emt 0:00:30]} Rc7 {[%emt 0:00:30]} 26. Qf2 {[%emt 0:00:30]} Re8 {[%emt 0:14:57]} 27. a3 {[%emt 0:00:30]} Rh8 {[%emt 0:00:30]} 28. Rd3 {[%emt 0:04:10]} h4 {[%emt 0:04:10]} 29. Red2 {[%emt 0:00:34]} a5 {[%emt 0:03:51]} 30. Qe3 {[%emt 0:03:47]} a4 {[%emt 0:00:59]} 31. Nd4 {[%emt 0:04:44]} Na5 {[%emt 0:01:41]} 32. b3 {[%emt 0:01:15]} axb3 {[%emt 0:01:17]} 33. cxb3 {[%emt 0:00:04]} Rb7 {[%emt 0:04:14]} 34. Ncxb5 {[%emt 0:02:30]} e5 {[%emt 0:01:31]} 35. fxe5 {[%emt 0:04:08]} dxe5 {[%emt 0:00:01]} 36. Nf5+ {[%emt 0:00:36]} gxf5 {[%emt 0:00:05]} 37. Qg5+ {[%emt 0:00:03]} Kf8 {[%emt 0:00:06]} 38. Rd8+ {[%emt 0:00:17]} Ne8 {[%emt 0:00:08]} 39. Rxe8+ {[%emt 0:00:21]} Qxe8 {[%emt 0:01:08]} 40. Qf6 {[%emt 0:00:04]} Rg8 {[%emt 0:01:24]} 41. Rd8 {[%emt 0:00:05]} Rxb5 42. Qh6+ {[%emt 0:00:06]} Rg7 {[%emt 0:00:59]} 43. Qd6+ {[%emt 0:00:06]} Kg8 {[%emt 0:00:10]} 44. Rxe8+ {[%emt 0:00:05]} Kh7 {[%emt 0:00:04]} 45. Qd7 {[%emt 0:00:21]} 1-0

[Event "26th Abu Dhabi Master 2019"]
[Site "Abu Dhabi"]
[Date "2019.08.04"]
[Round "4.3"]
[White "Aleksandrov, Aleksej"]
[Black "Abdusattorov, Nodirbek"]
[Result "1/2-1/2"]
[WhiteElo "2571"]
[BlackElo "2598"]
[Annotator "ChessBase"]
[PlyCount "51"]
[EventDate "2019.08.02"]
[EventType "swiss"]
[EventCountry "UAE"]
[SourceTitle "playchess.com"]
[Source "ChessBase"]
[SourceQuality "1"]
[TimeControl "5400+30"]

1. d4 {[%emt 0:00:00]} Nf6 {[%emt 0:00:00]} 2. c4 {[%emt 0:00:00]} e6 {[%emt 0:00:05]} 3. Nc3 {[%emt 0:00:20]} Bb4 {[%emt 0:00:23]} 4. e3 {[%emt 0:00:04]} O-O {[%emt 0:00:17]} 5. Bd3 {[%emt 0:00:05]} d5 {[%emt 0:00:16]} 6. Nf3 {[%emt 0:00:04]} c5 {[%emt 0:01:21]} 7. O-O {[%emt 0:00:07]} dxc4 {[%emt 0:00:12]} 8. Bxc4 {[%emt 0:00:07]} b6 {[%emt 0:00:08]} 9. dxc5 {[%emt 0:02:26]} Qxd1 {[%emt 0:02:03]} 10. Rxd1 {[%emt 0:00:05]} Bxc5 {[%emt 0:00:19]} 11. b3 {[%emt 0:01:27]} Bb7 {[%emt 0:01:40]} 12. Bb2 {[%emt 0:00:09]} Nbd7 {[%emt 0:04:37]} 13. Rac1 {[%emt 0:04:10]} Rfc8 {[%emt 0:12:13]} 14. Bb5 {[%emt 0:04:48]} Nf8 {[%emt 0:13:52]} 15. Be2 {[%emt 0:11:32]} Be7 {[%emt 0:02:49]} 16. Nd2 {[%emt 0:03:48]} Nd5 {[%emt 0:06:17]} 17. Nxd5 {[%emt 0:07:43]} Bxd5 {[%emt 0:00:05]} 18. Bf3 {[%emt 0:04:28]} Bxf3 {[%emt 0:01:01]} 19. Nxf3 {[%emt 0:00:17]} f6 {[%emt 0:02:03]} 20. Kf1 {[%emt 0:03:46]} e5 {[%emt 0:00:52]} 21. Ke2 {[%emt 0:00:22]} Kf7 {[%emt 0:00:23]} 22. Nd2 {[%emt 0:01:22]} Ke6 {[%emt 0:01:22]} 23. g4 {[%emt 0:00:19]} Nd7 {[%emt 0:02:27]} 24. Ne4 {[%emt 0:05:56]} Rxc1 {[%emt 0:01:59]} 25. Rxc1 {[%emt 0:02:41]} Nc5 {[%emt 0:00:38]} 26. Nxc5+ {[%emt 0:00:44]} 1/2-1/2

[Event "26th Abu Dhabi Master 2019"]
[Site "Abu Dhabi"]
[Date "2019.08.04"]
[Round "4.4"]
[White "Antipov, Mikhail Al."]
[Black "Ni, Hua"]
[Result "0-1"]
[WhiteElo "2582"]
[BlackElo "2668"]
[Annotator "ChessBase"]
[PlyCount "80"]
[EventDate "2019.08.02"]
[EventType "swiss"]
[EventCountry "UAE"]
[SourceTitle "playchess.com"]
[Source "ChessBase"]
[SourceQuality "1"]
[TimeControl "5400+30"]

1. e4 {[%emt 0:00:00]} e5 {[%emt 0:00:00]} 2. Nf3 {[%emt 0:00:00]} Nc6 {[%emt 0:00:00]} 3. Bb5 {[%emt 0:00:00]} Nf6 {[%emt 0:00:00]} 4. d3 {[%emt 0:00:00]} Bc5 {[%emt 0:00:00]} 5. Nbd2 {[%emt 0:00:00]} d6 {[%emt 0:04:02]} 6. c3 {[%emt 0:01:14]} O-O {[%emt 0:00:27]} 7. O-O {[%emt 0:02:34]} Bb6 {[%emt 0:01:02]} 8. h3 {[%emt 0:01:45]} Ne7 {[%emt 0:03:50]} 9. Nc4 {[%emt 0:17:07]} c6 {[%emt 0:01:39]} 10. Nxb6 {[%emt 0:00:13]} axb6 {[%emt 0:00:04]} 11. Bc4 {[%emt 0:00:06]} Ng6 {[%emt 0:00:29]} 12. Bb3 {[%emt 0:06:56]} Re8 {[%emt 0:09:15]} 13. a4 {[%emt 0:07:00]} h6 {[%emt 0:03:05]} 14. Re1 {[%emt 0:03:17]} Be6 {[%emt 0:04:36]} 15. Bxe6 {[%emt 0:07:02]} Rxe6 {[%emt 0:00:06]} 16. Be3 {[%emt 0:00:08]} d5 {[%emt 0:01:27]} 17. Nh2 {[%emt 0:15:01]} Rd6 {[%emt 0:09:55]} 18. Qf3 {[%emt 0:07:08]} c5 {[%emt 0:06:46]} 19. Ng4 {[%emt 0:01:51]} Nh4 {[%emt 0:04:50]} 20. Qg3 {[%emt 0:03:33]} Nxg4 {[%emt 0:00:08]} 21. hxg4 {[%emt 0:00:05]} Ng6 {[%emt 0:00:12]} 22. d4 {[%emt 0:03:16]} dxe4 {[%emt 0:00:30]} 23. dxe5 {[%emt 0:00:30]} Rd3 24. e6 f6 {[%emt 0:12:38]} 25. Qh2 {[%emt 0:10:29]} Kh7 {[%emt 0:09:46]} 26. Qh5 {[%emt 0:01:37]} Rd5 {[%emt 0:02:03]} 27. g5 {[%emt 0:00:01]} Qe7 {[%emt 0:03:32]} 28. f4 {[%emt 0:09:40]} Qxe6 {[%emt 0:04:32]} 29. c4 {[%emt 0:00:53]} Rf5 {[%emt 0:03:19]} 30. Qh2 {[%emt 0:02:47]} fxg5 {[%emt 0:01:52]} 31. fxg5 {[%emt 0:00:01]} Qe5 {[%emt 0:00:23]} 32. gxh6 {[%emt 0:01:12]} Qxh2+ {[%emt 0:00:50]} 33. Kxh2 {[%emt 0:00:01]} gxh6 {[%emt 0:00:07]} 34. Rad1 {[%emt 0:00:09]} Ne5 {[%emt 0:00:49]} 35. Rd6 {[%emt 0:00:19]} Rh5+ {[%emt 0:01:16]} 36. Kg1 {[%emt 0:00:11]} Rg8 {[%emt 0:00:03]} 37. Rc1 {[%emt 0:01:43]} Nf3+ {[%emt 0:02:39]} 38. Kf2 {[%emt 0:00:08]} Rh2 {[%emt 0:00:04]} 39. Rxb6 {[%emt 0:01:01]} Rgxg2+ {[%emt 0:06:31]} 40. Kf1 {[%emt 0:00:00]} Nd2+ {[%emt 0:00:19]} 0-1

[Event "26th Abu Dhabi Master 2019"]
[Site "Abu Dhabi"]
[Date "2019.08.04"]
[Round "4.5"]
[White "Bai, Jinshi"]
[Black "Salem, A.R. Saleh"]
[Result "0-1"]
[WhiteElo "2606"]
[BlackElo "2672"]
[Annotator "TA"]
[PlyCount "84"]
[EventDate "2019.08.02"]
[EventType "swiss"]
[EventCountry "UAE"]
[SourceTitle "playchess.com"]
[Source "ChessBase"]
[SourceQuality "1"]

{[%evp 16,84,20,20,20,20,20,20,20,20,20,21,23,23,23,24,21,0,0,0,0,0,0,0,0,0,0,0,0,0,0,0,0,3,13,0,14,0,57,42,51,0,0,0,123,120,111,0,0,0,0,0,0,0,0,-1008,-1002,-965,-948,-928,-926,-1333,-1333,-1004,-1191,-1088,-1053,-969,-929,-29972,-5135]} 1. d4 Nf6 2. c4 g6 3. Nc3 Bg7 4. e4 d6 5. Nf3 O-O 6. Be2 e5 7. dxe5 $146 ({Predecessor:} 7. O-O Nc6 8. dxe5 {½-½ (42) Meier,G (2638)-Saric,I (2690) Linares 2018}) 7... dxe5 8. O-O Nc6 9. Bg5 Bg4 {E97: King's Indian: Classical Main Line (6...e5 7 0-0 Nc6): 8 Be3 and 8 d5 Ne7, not 9 Ne1} 10. Qxd8 Nxd8 11. Bxf6 (11. Nxe5 Bxe2 12. Nxe2 Nxe4 $17) 11... Bxf6 {The position is equal.} 12. Nd5 {[%mdl 64] Double Attack} Bxf3 13. gxf3 Kg7 14. Nxc7 Rc8 15. Nd5 Ne6 16. Rfc1 Nd4 17. Kf1 Bg5 18. Rc3 f5 19. Rd1 fxe4 20. fxe4 Rf7 21. f3 Rcf8 22. Rdd3 Bf4 23. h3 Kh6 24. Bd1 Kg5 25. b4 Kh4 26. Kg2 g5 ({Black should try} 26... a5 $11) 27. a4 $14 h5 28. b5 (28. c5 $14) 28... Bg3 $11 29. Ne3 Ne6 {[#]} (29... Be1 $11 {remains equal.}) 30. Rd6 $1 $16 {[%cal Rd6e6]} (30. Nf5+ $6 Rxf5 31. exf5 Nf4+ 32. Kf1 Nxd3 $15) 30... Nf4+ 31. Kh1 ({Only move:} 31. Kf1 $16) 31... Bf2 $11 ({Of course not} 31... Kxh3 $6 32. c5 $16) 32. Nf5+ Rxf5 $1 33. exf5 Bc5 $36 {[%mdl 2048] Black is more active.} 34. Rd7 Kxh3 35. Bc2 $2 {[%mdl 8192] [#]} (35. Rxb7 {leads to mate.} Rd8 36. Rd7 Rxd7 37. Bb3 Rd2 38. Re3 Bxe3 39. f6 Rh2#) (35. a5 $11) 35... Ne2 $1 $19 {[%cal Re2g3]} 36. f4+ Nxc3 37. Rd3+ Kh4 38. fxg5 Rxf5 {( -> ...Ne4)} 39. Rxc3 Rf1+ 40. Kg2 Rf2+ 41. Kh1 Bd4 42. g6 e4 $1 {Accuracy: White = 63%, Black = 89%.} ({Not} 42... Bxc3 43. g7 $17) 0-1

[Event "26th Abu Dhabi Master 2019"]
[Site "Abu Dhabi"]
[Date "2019.08.04"]
[Round "4.6"]
[White "Can, Emre"]
[Black "Volokitin, Andrei"]
[Result "0-1"]
[WhiteElo "2595"]
[BlackElo "2636"]
[Annotator "ChessBase"]
[PlyCount "32"]
[EventDate "2019.08.02"]
[EventType "swiss"]
[EventCountry "UAE"]
[SourceTitle "playchess.com"]
[Source "ChessBase"]
[SourceQuality "1"]
[TimeControl "5400+30"]

1. d4 {[%emt 0:00:00]} Nf6 {[%emt 0:00:00]} 2. c4 {[%emt 0:00:00]} e6 {[%emt 0:00:00]} 3. Nf3 {[%emt 0:00:28]} d5 {[%emt 0:00:08]} 4. Nc3 {[%emt 0:00:24]} dxc4 {[%emt 0:06:43]} 5. Qa4+ {[%emt 0:00:44]} c6 {[%emt 0:00:36]} 6. Qxc4 {[%emt 0:00:16]} b5 {[%emt 0:00:13]} 7. Qd3 {[%emt 0:00:08]} Bb7 {[%emt 0:00:45]} 8. e4 {[%emt 0:00:53]} b4 {[%emt 0:01:22]} 9. Na4 {[%emt 0:00:34]} Nbd7 {[%emt 0:02:04]} 10. Be3 {[%emt 0:06:01]} Qa5 {[%emt 0:01:01]} 11. b3 {[%emt 0:00:07]} Be7 {[%emt 0:00:08]} 12. Nd2 {[%emt 0:13:42]} O-O {[%emt 0:00:26]} 13. Rc1 {[%emt 0:10:42]} c5 {[%emt 0:47:31]} 14. dxc5 {[%emt 0:01:25]} Bc6 {[%emt 0:00:47]} 15. Qa6 {[%emt 0:04:13]} Qc7 {[%emt 0:00:22]} 16. Be2 {[%emt 0:02:39]} Rab8 {[%emt 0:22:03]} 0-1

[Event "26th Abu Dhabi Master 2019"]
[Site "Abu Dhabi"]
[Date "2019.08.04"]
[Round "4.7"]
[White "Yilmaz, Mustafa"]
[Black "Santos Latasa, Jaime"]
[Result "1/2-1/2"]
[WhiteElo "2618"]
[BlackElo "2594"]
[Annotator "ChessBase"]
[PlyCount "50"]
[EventDate "2019.08.02"]
[EventType "swiss"]
[EventCountry "UAE"]
[SourceTitle "playchess.com"]
[Source "ChessBase"]
[SourceQuality "1"]
[TimeControl "5400+30"]

1. d4 {[%emt 0:00:00]} Nf6 {[%emt 0:01:34]} 2. c4 {[%emt 0:00:00]} e6 {[%emt 0:00:04]} 3. Nf3 {[%emt 0:00:00]} d5 {[%emt 0:00:08]} 4. Nc3 {[%emt 0:00:00]} Bb4 {[%emt 0:00:09]} 5. cxd5 {[%emt 0:00:20]} exd5 {[%emt 0:00:07]} 6. Bg5 {[%emt 0:00:05]} h6 {[%emt 0:00:06]} 7. Bh4 {[%emt 0:00:04]} Nbd7 {[%emt 0:00:19]} 8. Qc2 {[%emt 0:04:51]} g5 {[%emt 0:01:40]} 9. Bg3 {[%emt 0:00:45]} Ne4 {[%emt 0:00:22]} 10. Nd2 {[%emt 0:01:11]} Nxg3 {[%emt 0:00:21]} 11. hxg3 {[%emt 0:00:03]} Nb6 {[%emt 0:01:35]} 12. a3 {[%emt 0:04:35]} Bf8 {[%emt 0:03:01]} 13. e4 {[%emt 0:13:14]} dxe4 {[%emt 0:00:30]} 14. O-O-O {[%emt 0:09:25]} Bg7 {[%emt 0:02:22]} 15. Ndxe4 {[%emt 0:02:20]} O-O {[%emt 0:00:46]} 16. f4 {[%emt 0:03:22]} gxf4 {[%emt 0:01:52]} 17. gxf4 {[%emt 0:00:44]} Re8 {[%emt 0:00:11]} 18. g4 {[%emt 0:23:29]} Bxg4 {[%emt 0:08:40]} 19. Rd2 {[%emt 0:04:10]} Nd5 {[%emt 0:07:48]} 20. Rg1 {[%emt 0:04:07]} Nxc3 {[%emt 0:03:21]} 21. bxc3 {[%emt 0:00:38]} h5 {[%emt 0:04:10]} 22. Bc4 {[%emt 0:01:07]} b5 {[%emt 0:02:06]} 23. Ba2 {[%emt 0:06:17]} Qe7 {[%emt 0:01:17]} 24. Ng5 {[%emt 0:01:58]} Qxa3+ {[%emt 0:00:57]} 25. Kb1 {[%emt 0:00:01]} Re7 {[%emt 0:00:18]} 1/2-1/2

[Event "26th Abu Dhabi Master 2019"]
[Site "Abu Dhabi"]
[Date "2019.08.04"]
[Round "4.8"]
[White "Yakubboev, Nodirbek"]
[Black "Bartel, Mateusz"]
[Result "1/2-1/2"]
[WhiteElo "2575"]
[BlackElo "2600"]
[Annotator "ChessBase"]
[PlyCount "55"]
[EventDate "2019.08.02"]
[EventType "swiss"]
[EventCountry "UAE"]
[SourceTitle "playchess.com"]
[Source "ChessBase"]
[SourceQuality "1"]
[TimeControl "5400+30"]

1. d4 {[%emt 0:02:35]} d5 {[%emt 0:00:00]} 2. Nf3 {[%emt 0:01:50]} c6 {[%emt 0:00:03]} 3. c4 {[%emt 0:01:03]} e6 {[%emt 0:00:11]} 4. e3 {[%emt 0:05:03]} Nf6 {[%emt 0:00:30]} 5. b3 {[%emt 0:03:44]} Ne4 {[%emt 0:00:19]} 6. Bd3 {[%emt 0:00:30]} Bb4+ {[%emt 0:00:15]} 7. Nbd2 {[%emt 0:00:41]} f5 {[%emt 0:00:08]} 8. Ne5 {[%emt 0:11:51]} O-O {[%emt 0:03:24]} 9. O-O {[%emt 0:03:42]} Nd7 {[%emt 0:00:03]} 10. Ndf3 {[%emt 0:04:19]} Qf6 {[%emt 0:17:04]} 11. Bb2 {[%emt 0:06:24]} Bd6 {[%emt 0:00:24]} 12. Qe2 {[%emt 0:05:06]} Qh6 {[%emt 0:02:12]} 13. b4 {[%emt 0:11:56]} Bxb4 {[%emt 0:06:03]} 14. a4 {[%emt 0:00:59]} Bd6 {[%emt 0:12:01]} 15. Ba3 {[%emt 0:04:14]} c5 {[%emt 0:04:42]} 16. cxd5 {[%emt 0:12:28]} exd5 {[%emt 0:01:56]} 17. Qa2 {[%emt 0:00:28]} Ndf6 {[%emt 0:15:28]} 18. dxc5 {[%emt 0:00:30]} Nxc5 {[%emt 0:00:30]} 19. Bxc5 {[%emt 0:00:30]} Bxc5 {[%emt 0:00:30]} 20. Qc2 {[%emt 0:00:30]} Bd6 {[%emt 0:00:30]} 21. Bxf5 {[%emt 0:00:30]} Bxf5 22. Qxf5 {[%emt 0:07:01]} Ne4 {[%emt 0:01:00]} 23. Qd7 {[%emt 0:00:41]} Rae8 {[%emt 0:05:42]} 24. Nf7 {[%emt 0:11:11]} Rxf7 {[%emt 0:00:42]} 25. Qxe8+ {[%emt 0:00:03]} Rf8 {[%emt 0:00:08]} 26. Qb5 {[%emt 0:00:13]} Nc3 {[%emt 0:03:22]} 27. Qb2 {[%emt 0:03:54]} Rxf3 {[%emt 0:03:25]} 28. h3 {[%emt 0:00:02]} 1/2-1/2